00503 2200193 4500001002100000005001500021008004100036020002300077035001900100041000700119082000800126090001400134100002000148245005000168260002600218300003200244500001000276650002300286INLIS00000000000338720241224112720241224||||||||| | ||| |||| || |  a978-602-8394-02-04 0010-1224003387 aid0 a910 a910 IRW w0 aIrwan Kurniawan00aWright Bersaudara dan Pesawat Terbang Pertama aBandungbNuansac2010 a21x14,5 cm, 44 hlm.; ilus.: aCet.1 0aSEJARAH & BIOGRAFI